The Blackwell companion to social theory

Αποθηκεύτηκε σε:
Λεπτομέρειες βιβλιογραφικής εγγραφής
Άλλοι συγγραφείς: Turner, Bryan S. (Επιμελητής έκδοσης)
Μορφή: Βιβλίο
Γλώσσα:English
Δημοσίευση: Oxford : Blackwell Publishers, c1996
Θέματα:
Ετικέτες: Προσθήκη ετικέτας
Δεν υπάρχουν, Καταχωρήστε ετικέτα πρώτοι!

MARC

LEADER 00000nam a2200000 i 4500
001 1/90385
008 990927s1996 eng d
020 |a 0-631-18401-5 
035 |l 10053083 
040 |a GR-MY-UA  |b gre  |e aacr 
041 0 |a eng 
082 0 |a 300.1 
245 1 4 |a The Blackwell companion to social theory /  |c edited by Bryan S. Turner 
260 |a Oxford :   |b Blackwell Publishers,   |c c1996 
300 |a 484 p. 
504 |a Includes bibliographicalreferences and index 
650 0 0 |a Social sciences  |x Philosophy. 
650 0 0 |a Sociology  |x Philosophy. 
650 0 0 |a Critical theory. 
700 1 |a Turner, Bryan S.  |4 edt 
852 |a INST  |b LESVOS  |e 19990927  |h 300.1 BLA  |p 005100019382  |q 005100019382  |t BK  |y 0 
901 |a BIBL1-1999-3 
909 |a Λ  |b 066423 
922 |a 1ΕΛΗ  |b 199906  |c ΚΠΣ/ΤΚ  |d ΠΑΠΑΣΩΤΗΡΙΟΥ 
950 |a 103-1998-07-27 
970 |a ΤΖΑΦΕΡΗ  |b ΕΥΑΓΓΕΛΙΑ  |z 1999/09/29